Дело о службе музыканта Ивана Величковского

Доступно только в Электронных читальных залах Найти на картеНа карте
RUSMARC
00004118nmc2a22000003x 450
001e7a64d8d-04ec-4aff-a07e-a37dbe4c4f2e
00520181004222357.0
100##$a20161214l18161854k l0rusy0189 ca
1010#$arus
102##$aRU
2001#$aДело о службе музыканта Ивана Величковского
$j15 апреля 1816 г. - 23 августа 1854 г.
251##$cДело
300##$aДело
300##$aОриг. заголовок дела: Дело об увольнении вовсе от службы состоявшего в ведомстве Дирекции музыканта Ивана Величковского, с пожалованием ему за выслугу лет пенсиона. 15 апреля 1816 г. - 23 августа 1854 г
801#0$aRU
$bРГИА
$c20161214
$gRCR
801#1$aRU
$bГлавНИВЦ
$c20161214
$2rusmarc
801#2$aRU
$bПБ им. Б.Н. Ельцина
$c20181004
$gRCR
$2rusmarc
850##$aРГИА
852##$aРГИА
$eФедеральное казенное учреждение "Российский государственный исторический архив" (РГИА)
$j1452
937##$hРГИА
$d12236269
$aASBIBLIO_SCAN
462#0$1001dd3991dc-24e1-42ec-8838-ca4255420416
$12001
$a1746-1850 гг.
$1251
$cОпись
$1852
$j1
461#0$10019264ebf8-de62-4f1a-9eb4-9f22098dbbd5
$12001
$aДирекция императорских театров МИДв
$1251
$cФонд
$1852
$j497
215##$a58 л.
$d36,5х26 см
371##$aДокумент не является опубликованным и широко распространяемым
5171#$aДело об увольнении вовсе от службы состоявшего в ведомстве Дирекции музыканта Ивана Величковского, с пожалованием ему за выслугу лет пенсиона. 15 апреля 1816 г. - 23 августа 1854 г
105##$ay###
1222#$ad
035##$ae7a64d8d-04ec-4aff-a07e-a37dbe4c4f2e
856##$uhttp://readingroom.main.prlib.ru/item.aspx?id_node=n118912284&mode=full
Формат отображения